Geography Quiz

Random Geography or Flags Quiz

Progressively Harder North American Flags Quiz Stats

 Plays Quiz Updated Mar 11, 2018

Score 0/23 Timer 05:00
5 Plays Today
% Correct
Canada
99.9%
United States
99.4%
Mexico
98.6%
Jamaica
95.9%
Cuba
91.5%
Panama
81.3%
Trinidad and Tobago
74.5%
Honduras
73.8%
Barbados
70%
The Bahamas
68.2%
Dominican Republic
65.8%
Costa Rica
64.4%
% Correct
Haiti
60.9%
Nicaragua
58.9%
El Salvador
58.7%
Guatemala
55.5%
Saint Lucia
53.1%
Belize
51.9%
Dominica
50%
Grenada
47.7%
Antigua and Barbuda
47.5%
Saint Kitts and Nevis
47.1%
Saint Vincent and the Grenadines
46.2%

You're not logged in!

Compare scores with friends on all Sporcle quizzes.
OR
Log In

You Might Also Like...

Show Comments

Extras

Top Quizzes Today


Score Distribution

Your Account Isn't Verified!

In order to create a playlist on Sporcle, you need to verify the email address you used during registration. Go to your Sporcle Settings to finish the process.

Report this User

Report this user for behavior that violates our Community Guidelines.

Details: